000 01166nam a22002537a 4500
001 3925
003 FISKH
005 20241104151659.0
008 240524b cb ||||| |||| 00| 0 eng d
020 _a9781407106144
040 _aFISKH
_beng
_cFISKH
_dFISKH
050 _aPZ7
082 _a520
100 _aArnold, Nick
245 _aSpace, stars and slimy aliens /
_cNick Arnold ; illustrated by Tony de Saulles
260 _aLondon :
_bScholastic,
_c2008.
300 _a159 pages :
_billustrations ;
_c20 cm
490 _aHorrible Science
520 _aSpace, Stars and Slimy Aliens is a space-hopping book bursting with stunning science. Zoom to the stars with Oddblob the alien, take part in a spacewalk that's out of this world and learn what the moon smells like. Find out all the horrible facts about space like which astronomers killed people and why space makes your guts explode! Zoom around the planets, learn which galaxies eat each other and see if you can spot a little green man while you're there!
650 _aAstronomy
_vHorrible Science
_xAliens
700 _aSaulles, Tony de
_eillustrator
942 _2ddc
_cBK
_n0
999 _c3925
_d3925